000 00437nam a2200193Ia 4500
005 20240823034731.0
008 240823s9999||||xx |||||||||||||| ||und||
020 _a81-240-1851-0
041 _aMALAYALAM
082 _A920 P9
100 _aPala K M Mathew
245 0 _aVarika Varika Sahajare
250 _a1st
260 _c2009
_bCurrent Book
500 _aYES
650 _aMemoirs
_bGeneral
942 _cBK
999 _c198990
_d198990